| 000 | 01417cam a22002298i 4500 | ||
|---|---|---|---|
| 005 | 20260623142756.0 | ||
| 020 | _a9781009393812 | ||
| 082 | 0 | 0 |
_a327.510 182 3 BRA/R _223/eng/20230602 |
| 100 | 1 |
_aWomack, Brantly, _eauthor. _916850 |
|
| 245 | 1 | 0 |
_aRecentering Pacific Asia : _bregional China and world order / _cby Brantly Womack, |
| 260 |
_a. - U K _b: Cambridge University Press _c, 2023 |
||
| 300 | _axvii+255 pages | ||
| 504 | _aIncludes bibliographical references and index. | ||
| 505 | 0 | _aContinuities in China's Pacific Asian centrality -- Thin connectivity : traditional Chinese centrality -- Sharp connectivity : Western modernization and de-centered Pacific Asia -- Thick connectivity : the re-centering of Pacific Asia -- China, Pacific Asia, and reconfiguring a multinodal world -- Global power rivalry, Pacific Asia, and world order. | |
| 520 | _a"Brantly Womack argues that China's regional context is the key to both its economic success and its major political challenges. Pacific Asia is now the world's largest and most cohesive economic region, and China has returned to its center. China's regional experience and challenges will therefore shape its global outlook and prospects"-- | ||
| 650 | 0 |
_aInternational organization. _916845 |
|
| 700 | 1 |
_aWang, Gungwu, _916851 |
|
| 700 | 1 |
_aWu, Yushan, _916852 |
|
| 700 | 1 |
_aQin, Yaqing, _916853 |
|
| 700 | 1 |
_aGoh, Evelyn, _916854 |
|
| 942 |
_2ddc _cREF |
||
| 999 |
_c760961 _d760961 |
||